00751nam a2200181 a 450000100100000000500170001000800410002704000250006808200160009311000850010924501200019426000340031430000200034850400270036870000340039595201230042999900170055200002787720250502073820.0110405s1979 dr r 000 0 spa d aDO-SdBNPbspacBNPHU axxxxbR426p1 aRepública Dominicana.bOficina Nacional de Administración y Personal 92639810aPrincipios de prácticas secretariales en la administración pública /cpresentación Raymundo Amaro Guzmán. aSanto Domingo :bONAP,c1979. a55 p. ;c22 cm. aBibliografía : p. 441 aAmaro Guzmán, Raymundo9656 001054708PDaPDbPDcHDd2011-04-05iLF1l0oxxxx R426pp27877-10r2020-06-25w2020-06-25yLFPDZPréstamo en sala c27369d27369